An essay in aid of a grammar of assent
Gardado en:
| Autor Principal: | |
|---|---|
| Formato: | Libro |
| Idioma: | inglés |
| Publicado: |
Notre Dame
University of Notre Dame
1979
|
| Subjects: | |
| Tags: |
Engadir etiqueta
Sen Etiquetas, Sexa o primeiro en etiquetar este rexistro!
|
MARC
| LEADER | 00000nam a2200000 a 4500 | ||
|---|---|---|---|
| 001 | UCK2787 | ||
| 003 | CL-VaPUC | ||
| 008 | 050318e19790000us |||||||||||||||||eng|d | ||
| 020 | |a 0268010005 | ||
| 082 | 0 | 4 | |a 230.01 |b NEW |2 21 |
| 100 | |a Newman, John Henry, |d 1801-1890 |x Cardenal |x Iglesia Católica |9 333795 | ||
| 245 | 1 | 3 | |a An essay in aid of a grammar of assent |
| 300 | |a 396 p | ||
| 942 | |c BK | ||
| 945 | |d 20050318 00:00:00 |a cmena | ||
| 260 | |a Notre Dame |b University of Notre Dame |c 1979 | ||
| 650 | 0 | |a Filosofía cristiana |9 265980 | |
| 650 | 0 | |a Teología |9 258766 | |
| 650 | 0 | |a Catolicismo |9 258690 | |
| 650 | 0 | |a Apologética |9 269349 | |
| 583 | |a last modification |c 20171220 06:10:19 |k Rodrigo Vera | ||
| 999 | |c 312243 |d 312241 | ||